000 00861cab a2200181 4500
001 ##L133018
008 060403n2006 000 0 eng u
035 _a(Sirsi) u133018
041 0 _aeng
100 1 _aFrench, Nick
245 0 0 _aValue and worth
_bscenario analysis
260 _c2006
490 0 _aJournal of Property Investment and Finance
_v24(2) 2006, 176-179(4)
520 _aBy analysing a number of pricing models and valuation methods, looks at calculation of worth as it relates to valuations. Concludes that it is possible to adapt the discounted cash flow method to incorporate subjective predicted growth rates. In the case of a rack-rented freehold, this method produces the same value as the traditional method.
590 _aIKA110406
690 _aPROPERTY-COMMERCIAL PROPERTY-COMMERCIAL PROPERTY VALUATION AND INVESTMENT
942 _n0
999 _c76742
_d76742